00187nam a2200073Ia 4500008004100000100000900041245003500050260002800085120527s9999 xx 000 0 und d aUNDP aHuman development report 2000. bOxford University Press